000 00827cam a22002897a 4500
005 20260322212007.0
008 data
010 _a 2005026360
020 _a9781581807745
020 _a1581807740
040 _aDLC
_cDLC
_dDLC
_dDLC
042 _apcc
050 0 0 _aTT860
_b.B688 2006
082 0 0 _a745.594/2
_222
092 _a745.594 B688 2006
100 1 _aBoyd, Heidi,
_d1966-
245 1 0 _aSimply beautiful beaded jewelry :
_b50 quick and easy projects /
_cHeidi Boyd.
246 3 0 _aBeaded jewelry
250 _a1st ed.
260 _aCincinnati, Ohio :
_bNorth Light Books,
_cc2006.
300 _a127 p. :
_bcol. ill. ;
_c28 cm.
500 _aIncludes index.
650 0 _aBeadwork.
650 0 _aJewelry making.
856 4 1 _3Table of contents
_uhttp://www.loc.gov/catdir/toc/ecip0519/2005026360.html
001 data
999 _c134
_d134